BIBLIOTECA

SENCICO

El Feng Shui en la decoración : (Registro nro. 2573)

Detalles MARC
000 -LEADER
fixed length control field 01119nam a2200229Ia 4500
003 - CONTROL NUMBER IDENTIFIER
control field PE SENCICO BE
005 - DATE AND TIME OF LATEST TRANSACTION
control field 20251020182546.0
008 - FIXED-LENGTH DATA ELEMENTS--GENERAL INFORMATION
fixed length control field 200515s9999 xx 000 0 und d
020 ## - INTERNATIONAL STANDARD BOOK NUMBER
International Standard Book Number 84-8076-279-9
040 ## - CATALOGING SOURCE
Original cataloging agency PE SENCICO BE
Transcribing agency PE SENCICO BE
082 ## - DEWEY DECIMAL CLASSIFICATION NUMBER
Classification number 747:729.81
Item number L32
100 1# - MAIN ENTRY--PERSONAL NAME
Personal name Lazenby, Gina
9 (RLIN) 24
240 ## - UNIFORM TITLE
Uniform title The feng shui house book
Language of a work Español
245 10 - TITLE STATEMENT
Title El Feng Shui en la decoración :
Remainder of title un nuevo concepto en el diseño de interiores /
Statement of responsibility, etc. Gina Lazenby ; prólogo de William Spear ; [traducción, Remedios Diéguez Diéguez].
260 ## - PUBLICATION, DISTRIBUTION, ETC.
Place of publication, distribution, etc. Madrid:
Name of publisher, distributor, etc. Leopoldo Blume,
Date of publication, distribution, etc. 1998
300 ## - PHYSICAL DESCRIPTION
Extent 160 p.:
Other physical details il. col., diagrs.,
Dimensions 28 cm.
520 ## - SUMMARY, ETC.
Summary, etc. Aplicando los principios del Feng Shui en su hogar podrá reavivar una relación carente de entusiasmo, prosperar en el trabajo, mejorar la salud e incluso contrarrestar la falta de suerte. Mediante la ilustración y el estudio de casos únicos que muestran e
650 10 - SUBJECT ADDED ENTRY--TOPICAL TERM
Topical term or geographic name entry element Decoración de interiores
9 (RLIN) 25
700 1# - ADDED ENTRY--PERSONAL NAME
9 (RLIN) 26
Personal name Spear, William
700 1# - ADDED ENTRY--PERSONAL NAME
9 (RLIN) 27
Personal name Diéguez Diéguez, Remedios
942 ## - ADDED ENTRY ELEMENTS (KOHA)
Koha item type Libros
Source of classification or shelving scheme Dewey Decimal Classification
Classification part 747:729.81
Item part L32
Existencias
Fecha de la última vez que lo usaron Pago total Signatura topográfica completa Código de barras Precio efectivo desde Tipo de documento Estado perdido Estado dañado No es para préstamo Retirado Ubicación permanente Ubicación actual Fecha de adquisición
15/05/2020   747:729.81/L32 Bib-Lima15052573 15/05/2020 Libros         Biblioteca Central Lima Biblioteca Central Lima 15/05/2020